Cluttons (Record no. 107573)

MARC details
000 -LEADER
fixed length control field 00619cam a22002055a 4500
001 - CONTROL NUMBER
control field L140917
008 - FIXED-LENGTH DATA ELEMENTS--GENERAL INFORMATION
fixed length control field 071017s1948 xxkce g 000 0deng d
035 ## - SYSTEM CONTROL NUMBER
System control number (Sirsi) u140917
041 0# - LANGUAGE CODE
Language code of text/sound track or separate title eng
050 04 - LIBRARY OF CONGRESS CALL NUMBER
Classification number 920 $2 18
110 2# - MAIN ENTRY--CORPORATE NAME
Corporate name or jurisdiction name as entry element Cluttons
9 (RLIN) 2064
245 00 - TITLE STATEMENT
Title Cluttons
Remainder of title some historical notes put together in 1948
260 ## - PUBLICATION, DISTRIBUTION, ETC.
Place of publication, distribution, etc. [London]
Name of publisher, distributor, etc. [s.n.]
Date of publication, distribution, etc. 1948
300 ## - PHYSICAL DESCRIPTION
Extent 49 p.
Other physical details port., map
Dimensions 26 cm.
520 ## - SUMMARY, ETC.
Summary, etc. A history of the firm of Cluttons, including biographical information on the members of the Clutton family.
600 14 - SUBJECT ADDED ENTRY--PERSONAL NAME
Personal name Clutton, John
651 #4 - SUBJECT ADDED ENTRY--GEOGRAPHIC NAME
Geographic name United Kingdom
Chronological subdivision
690 ## - LOCAL SUBJECT ADDED ENTRY--TOPICAL TERM (OCLC, RLIN)
Topical term or geographic name as entry element PROPERTY
942 ## - ADDED ENTRY ELEMENTS (KOHA)
Suppress in OPAC 0
Holdings
Withdrawn status Lost status Source of classification or shelving scheme Damaged status Not for loan Home library Current library Shelving location Date acquired Total Checkouts Full call number Barcode Date last seen Date last checked out Copy number Price effective from Koha item type
    Dewey Decimal Classification     London London Reference copy 17/10/2007 1 920 CLU 30072747 06/08/2019 17/10/2007 1 06/08/2019 Book
    Dewey Decimal Classification     London London Reference copy 22/11/2007   920 CLU 30074452 06/08/2019   2 06/08/2019 Book